Object oriented programming using C++ (Record no. 1241)

MARC details
000 -LEADER
Fixed length control field 00488nam a2200181 4500
003 - CONTROL NUMBER IDENTIFIER
Control field SEACOMEC
005 - DATE AND TIME OF LATEST TRANSACTION
Control field 20240529123940.0
008 - FIXED-LENGTH DATA ELEMENTS--GENERAL INFORMATION
Fixed length control field 240529b |||||||| |||| 00| 0 eng d
020 ## - INTERNATIONAL STANDARD BOOK NUMBER / ISBN
International Standard Book Number 9788173196539
Price 250.00
040 ## - CATALOGING SOURCE
Original cataloging agency SEACOMEC
082 ## - DEWEY DECIMAL CLASSIFICATION NUMBER
Classification number 005.117
Book Number C455
100 ## - MAIN ENTRY--PERSONAL NAME
Personal name Chandra, B
245 ## - TITLE STATEMENT
Title Object oriented programming using C++
Statement of responsibility B Chandra
250 ## - EDITION STATEMENT
Edition statement 2nd ed
260 ## - IMPRINT
Place of publication New delhi: Narosa Publishing House., 2002.
300 ## - PHYSICAL DESCRIPTION
Page / Vol. No xx, 470 p. : ill. ; 25 cm
942 ## - ADDED ENTRY ELEMENTS (KOHA)
Koha item type Books
Holdings
Withdrawn status Lost status Source of classification Damaged status Not for loan Home library Current library Date acquired Total Checkouts Call number Accession number Date last seen Price effective from Koha item type
    Dewey Decimal Classification     SEACOM ENGINEERING COLLEGE SEACOM ENGINEERING COLLEGE 29/05/2024   005.117 C455 5520 29/05/2024 29/05/2024 Books
© Seacom Engineering College, All rights reserved.      Powered by Koha